| 000 | 00643nam a2200169 a 4500 | ||
|---|---|---|---|
| 008 | 170119s2012 ||||||||||||||||| || u | ||
| 020 | _a9781849206105 | ||
| 050 | _aP 95.455 Sul | ||
| 100 | _aSullivan, Paul | ||
| 245 | 1 | 0 |
_aQualitative data analysis: using a dialogical approach _cBy Paul Sullivan |
| 260 |
_aLondon _bSAGE Publications _c2012 |
||
| 300 | _ax, 189p. | ||
| 650 | 0 | _aQUALITATIVE RESEARCH | |
| 650 | _aDIALOGUE ANALYSIS | ||
| 650 | _aQUALITATIVE RESEARCH--METHODOLGY | ||
| 995 |
_FCBU-MAIN LIBRARY (Kitwe) _M1 _UAVAILABLE _WFeb 24, 2017 _ZMain Library Open Access Collection |
||
| 999 |
_c55381 _d55381 |
||